| 000 | 00573nam a2200193 i 4500 | ||
|---|---|---|---|
| 001 | 79954 | ||
| 003 | ES-MaACL | ||
| 005 | 20250930063102.0 | ||
| 007 | t| | ||
| 008 | 041025s1978 sp ||||1| spa d | ||
| 100 | 1 |
_aHesse, Hermann, _d1877-1962 _963472 |
|
| 245 | 1 | 0 |
_aEscritos políticos (1914-1932) / _cHermann Hesse ; traducción: Herminia Dauer. |
| 250 | _a[1ª ed.]. | ||
| 260 |
_a[Barcelona] : _bBruguera, _c[1978] |
||
| 300 |
_a248 p. ; _c18 cm. |
||
| 700 | 1 |
_aDauer, Herminia. _942810 |
|
| 852 |
_aES-MaACL _jA-9886 _bR.98184 |
||
| 999 |
_c79954 _d79954 |
||